30 pokémons en français - Statistiques

Statistiques générales
  • Ce quiz a été pris 510 fois
  • Le résultat moyen est 24 sur 30
Statistiques - réponses
Hint Réponse % Correct
1 bulbizarre
95%
4 salamèche
95%
2 herbizarre
94%
7 carapuce
93%
6 dracaufeu
93%
3 florizarre
93%
9 tortank
93%
8 carabaffe
92%
5 reptincel
92%
10 chenipan
88%
12 papilusion
88%
13 aspicot
87%
11 chrysacier
87%
14 coconfort
87%
25 pikachu
87%
16 roucool
85%
17 roucoups
85%
26 raichu
83%
21 piafabec
76%
19 rattata
76%
20 rattatac
76%
22 rapasdepic
75%
23 abo
73%
15 dardagnan
70%
29 nidoran
66%
27 sabelette
66%
150 mewtwo
65%
28 sablaireau
65%
30 nidorina
64%
24 abrok
28%
Aucun quiz correspondant
Distribution des résultats
% des personnes avec chaque résultat
Percentile par nombre de réponses
Votre historique - résultats
Vous n’avez pas pris ce quiz